Ajedrez: no te dejes comer #5 - ¡Muerte súbita! - Estadísticas

Estadísticas generales
  • Esta prueba ha sido intentada 118 veces
  • La puntuación promedio es 12 de 26
Answers on the Grid
Answers color-coded by a green-red scale on the quiz's grid according to % correct below.
a8
b8
g8
h8
a7
b7
c7
d7
e7
f7
g7
h7
a6
c6
d6
e6
f6
h6
a5
b5
c5
d5
e5
f5
g5
h5
a4
b4
c4
f4
g4
h4
a3
b3
c3
f3
g3
h3
a2
b2
c2
d2
e2
f2
g2
h2
a1
b1
c1
d1
e1
f1
g1
h1
 
Estadísticas de respuestas
Respuesta % Correcto
b1
54%
c2
54%
d1
54%
e2
54%
d2
54%
e1
54%
b5
51%
f1
51%
g8
51%
b8
51%
c1
51%
f2
51%
a2
49%
g1
49%
b3
46%
c4
46%
f4
46%
g5
46%
h2
46%
a4
43%
a7
43%
g3
43%
h7
37%
c7
31%
h4
31%
f7
29%
No se encontraron pruebas coincidentes
Distribución de puntuación
Porcentaje de gente con cada puntuación
Porcentaje por número respondido
Historial de tus puntuaciones
No has intentado esta prueba.